| 000 | 01881cam a22004814i 4500 | ||
|---|---|---|---|
| 003 | PE-LiUPU | ||
| 005 | 20250731184059.0 | ||
| 008 | 141028s2015 inu rb 001 0 eng | ||
| 020 | _a1575063492 | ||
| 020 | _a9781575063492 | ||
| 035 | _a(Sirsi) i9781575063492 | ||
| 035 |
_a(OCoLC)894149547 _z(OCoLC)909247936 |
||
| 040 |
_aDLC _bspa _erda _cDLC _dOCLCF _dCFT _dYDXCP _dCDX _dUPM _dRBN _dCOO _dZCU _dOCLCQ _dPE-LiUPU |
||
| 049 | _aPRUA | ||
| 050 | 0 | 0 |
_aPJ3771.G6 _bA24 2015 |
| 082 | 0 | 0 |
_a892.1 _bA16 _223 |
| 100 | 1 |
_aAbusch, Tzvi, _eautor. |
|
| 245 | 1 | 0 |
_aMale and female in the epic of Gilgamesh : _bencounters, literary history, and interpretation / _cTzvi Abusch. |
| 264 | 1 |
_aWinona Lake, Indiana : _bEisenbrauns, _c2015. |
|
| 300 |
_aix, 236 páginas ; _c23 centímetros |
||
| 336 |
_atext _2rdacontent |
||
| 337 |
_aunmediated _2rdamedia |
||
| 338 |
_avolume _2rdacarrier |
||
| 504 | _aBibliografía : páginas 221-231. | ||
| 504 | _aÍndice : páginas 233-236. | ||
| 526 | _aP145 | ||
| 526 | _aP127 | ||
| 526 | _aP97 | ||
| 526 | _aP14 | ||
| 526 | _aP07 | ||
| 630 | 0 | 0 | _aGilgamesh. |
| 650 | 0 |
_aEpic poetry, Assyro-Babylonian _xHistory and criticism. |
|
| 650 | 0 | _aMan-woman relationships in literature. | |
| 650 | 0 |
_aPoesía épica, Assyro-babilónico _xHistoria y crítica. |
|
| 650 | 0 | _aRelaciones hombre-mujer en la literatura. | |
| 910 |
_adbm _bebj _cebj _d20171213 |
||
| 942 |
_2ddc _cBOOK |
||
| 949 |
_a892.1 A16 _wDEWEY _c1 _i77547 _lCATALOGING _mBUL _p27.65 _r0 _sY _tBOOK _u2017-12-13 _xPOSGRADO _PP85 _0DONACION _o.STAFF. Colección Teología. |
||
| 994 |
_aC0 _bPEPRU |
||
| 596 | _a1 | ||
| 999 |
_a892.1 A16 _wDEWEY _c26155 _i77547 _d26155 _f2021-11-11 _g4 _lCCODEBUL1 _mBUL _p27.65 _q1 _r0 _sY _tBOOK _u2017-12-13 _xTEOLOGIA _PP85 _0COMPRA _o.STAFF. Colección Teología. |
||
| 980 |
_81 _gALBERTO SANCHEZ Responsable de Automatización |
||